Ildefonso Sánchez del Río Pisón (Record no. 179738)
[ view plain ]
| 000 -LEADER | |
|---|---|
| campo de control de longitud fija | 01022nam a2200253 i 4500 |
| 001 - NÚMERO DE CONTROL | |
| campo de control | 179738 |
| 003 - IDENTIFICADOR DE NÚMERO DE CONTROL | |
| campo de control | ES-MaACL |
| 005 - FECHA Y HORA DE LA ÚLTIMA TRANSACCIÓN | |
| campo de control | 20230925165653.0 |
| 008 - DATOS DE LONGITUD FIJA--INFORMACIÓN GENERAL | |
| campo de control de longitud fija | 120116s2011 sp aceo |||| |bspa d |
| 020 ## - NÚMERO INTERNACIONAL ESTÁNDAR DEL LIBRO | |
| Número Internacional Estándar del Libro | 978-84-937754-1-4 |
| 080 ## - NÚMERO DE LA CLASIFICACIÓN DECIMAL UNIVERSAL | |
| Número de la Clasificación Decimal Universal | 624(460) |
| 245 00 - MENCIÓN DEL TÍTULO | |
| Título | Ildefonso Sánchez del Río Pisón |
| Resto del título | : el ingenio de un legado : [exposición] / |
| Mención de responsabilidad, etc. | editado por Pepa Cassinello y Bernardo Revuelta Pol. |
| 260 ## - PUBLICACIÓN, DISTRIBUCIÓN, ETC. | |
| Lugar de publicación, distribución, etc. | Madrid : |
| Nombre del editor, distribuidor, etc. | Fundación Juanelo Turriano, |
| Fecha de publicación, distribución, etc. | 2011. |
| 300 ## - DESCRIPCIÓN FÍSICA | |
| Extensión | 251 p. : |
| Otras características físicas | il. col. y n., fot.,, planos ; |
| Dimensiones | 27 cm. |
| 600 14 - PUNTO DE ACCESO ADICIONAL DE MATERIA--NOMBRE DE PERSONA | |
| Nombre de persona | Sánchez del Río Pisón, Ildefonso. |
| 9 (RLIN) | 149077 |
| 650 #4 - PUNTO DE ACCESO ADICIONAL DE MATERIA--TÉRMINO DE MATERIA | |
| Término de materia o nombre geográfico como elemento de entrada | Ingeniería civil- |
| Subdivisión geográfica | España. |
| 9 (RLIN) | 149082 |
| 700 1# - ENTRADA AGREGADA--NOMBRE PERSONAL | |
| Nombre de persona | Cassinello Plaza, María Josefa. |
| 9 (RLIN) | 149078 |
| 700 1# - ENTRADA AGREGADA--NOMBRE PERSONAL | |
| Nombre de persona | Revuelta Pol, Bernardo. |
| 9 (RLIN) | 149079 |
| 710 2# - ENTRADA AGREGADA--NOMBRE DE ENTIDAD CORPORATIVA | |
| Nombre de entidad corporativa o nombre de jurisdicción como elemento de entrada | Fundación Juanelo Turriano. |
| 9 (RLIN) | 4352 |
| 852 ## - LOCALIZACIÓN | |
| Ubicación | ES-MaACL |
| Número de control de estantería | A-11843 |
| itemnumber | 186638 |
| Sublocalización o colección | R.148506 |
| Ubicación en estantería | Depósito 1 |
| Signatura antigua | Olim: N-4848 |
| Encuadernación | Donación: Fundación Juanelo Turriano |
| 914 ## - NOMBRE ENTIDAD DE DONANTE | |
| RLIN | 4352 |
| Nombre de congreso/reunión o jurisdicción como elemento de entrada | Fundación Juanelo Turriano |
| Unidad subordinada | Donante |
| 942 ## - ELEMENTOS DE ENTRADA SECUNDARIOS (KOHA) | |
| Fuente del sistema de clasificación o colocación | Clasificación decimal universal |
| Tipo de ítem Koha | Libro impreso |
| Estatus retirado | Estado de pérdida | Fuente del sistema de clasificación o colocación | Estado de daño | No para préstamo | Biblioteca de origen | Biblioteca actual | Ubicación en estantería | Fecha de adquisición | Fuente de adquisición | Total de préstamos | Signatura topográfica completa | Código de barras | Visto por última vez | Precio de reemplazo | Tipo de ítem Koha |
|---|---|---|---|---|---|---|---|---|---|---|---|---|---|---|---|
| Clasificación decimal universal | Biblioteca del Ateneo de Madrid | Biblioteca del Ateneo de Madrid | Depósito 1 | 16/01/2012 | Donación | A-11843 | 1188820 | 23/02/2023 | 23/02/2023 | Libro impreso |
